Hétvége Akadémikus kertész

Elmentve itt :
Bibliográfiai részletek
Dokumentumtípus: Cikk
Megjelent: 2007-05-19
Sorozat:Délmagyarország
Kulcsszavak:Telegdy Gyula
Online Access:http://univ.bibl.u-szeged.hu/30733
LEADER 00430nab a2200157 i 4500
001 univ30733
005 20171214104344.0
008 171214s2007 hu o 0|| zxx d
040 |a SZTE UnivHistória Repozitórium  |b hun 
041 |a zxx 
245 0 0 |a Hétvége   |h [elektronikus dokumentum] :  |b Akadémikus kertész 
260 |c 2007-05-19 
300 |a 14 
490 0 |a Délmagyarország 
561 |a Egyetemi hirarchívum 
695 |a Telegdy Gyula